Central Library OPAC University of Rajshahi

Ecology of Aeromycoflora in Rajshahi Metropolitan City / (Record no. 83595)

MARC details
000 -LEADER
fixed length control field 01035nam a2200253 a 4500
001 - CONTROL NUMBER
RUCL Control Number 83595
003 - CONTROL NUMBER IDENTIFIER
rucl marc code BD-RjUL
005 - DATE AND TIME OF LATEST TRANSACTION
control field 20240428100740.0
008 - FIXED-LENGTH DATA ELEMENTS--GENERAL INFORMATION
fixed length control field 240428s2008 bg a|||| m||| 00| 0 eng d
035 ## - SYSTEM CONTROL NUMBER
system control number (BD-RjUL)83595
040 ## - CATALOGING SOURCE
Original cataloging agency BD-RjUL
Language of cataloging eng
Transcribing agency BD-RjUL
Modifying agency BD-RjUL
041 ## - LANGUAGE CODE
Language code of Book eng
082 ## - DEWEY DECIMAL CLASSIFICATION NUMBER
DDC Edition number 23
Classification number 579.50954924
Author mark and Year KHE 2008
100 ## - MAIN ENTRY--PERSONAL NAME
Personal name Khan, Md. Salahuddin
9 (RLIN) 4525
245 10 - TITLE STATEMENT
Title Ecology of Aeromycoflora in Rajshahi Metropolitan City /
Statement of responsibility, etc By Md. Salahuddin Khan ;
Name of Supervisor/Co-Supervisor Principal Supervisor : M. Shah Alam, Co-Supervisor : Md. Sarwar Jahan
260 ## - PUBLICATION, DISTRIBUTION, ETC. (IMPRINT)
Place of publication, distribution, etc Rajshahi :
Name of publisher, distributor, etc Institute of Environmental Science, University of Rajshahi (IES),
Date of publication, distribution, etc 2008
300 ## - PHYSICAL DESCRIPTION
Pagination xiii, 162 xi, Leaves :
Other physical details ill, ;
Dimensions 29 cm.
502 ## - DISSERTATION NOTE
Dissertation note Thesis (Ph. D.) -- Institute of Environmental Science, University of Rajshahi (ISE), 2008
504 ## - BIBLIOGRAPHY, ETC. NOTE
Bibliography, etc References : Leaves 153-162
650 ## - SUBJECT ADDED ENTRY--TOPICAL TERM
Topical term or geographic name as entry element Ecology
General subdivision Solid Organic
Geographic subdivision Rajshahi City
9 (RLIN) 12736
700 ## - ADDED ENTRY--SUPERVISOR/CO-SUPERVISOR NAME
Personal name Alam, M. Shah, Principal Supervisor
9 (RLIN) 3766
Personal name Jahan, Md. Sarwar, Co-Supervisor
9 (RLIN) 12737
942 ## - ADDED ENTRY ELEMENTS (KOHA)
Source of classification or shelving scheme Dewey Decimal Classification
Koha item type Theses
Holdings
Source of classification or shelving scheme Damaged status Not for loan Collection code Permanent Location Current Location Shelving location Date of accession Source of acquisition Total Checkouts Full call number Barcode Date last seen Copy number Thesis
Dewey Decimal Classification   Not For Loan Theses Central Library, University of Rajshahi Central Library, University of Rajshahi Documentation Section 02/06/2010 Controller of Exam. R. U.   THE 579.50954924 KHE 2008 D3043 28/04/2024 C-I Theses